Top Assister of Every Premier League Team - 2025/26 - Statistics

General Stats
  • This quiz has been taken 8 times
  • The average score is 16 of 20
Answer Stats
Team Answer Assists Country % Correct
Manchester United Bruno Fernandes 21 Portugal
100%
Newcastle United Bruno Guimarães 5 Brazil
100%
Sunderland Granit Xhaka / Enzo Le Fée 6 Switzerland / France
100%
West Ham United Jarrod Bowen 11 England
100%
Arsenal Martin Ødegaard / Leandro Trossard 6 Norway / Belgium
100%
Manchester City Rayan Cherki 12 France
100%
Leeds United Brenden Aaronson 5 United States
83%
Wolverhampton Wanderers David Møller Wolfe / Hugo Bueno / Hwang Hee-Chan / Adam Armstrong 2 Norway / Spain / South Korea / England
83%
Liverpool Dominik Szoboszlai / Mohamed Salah 7 Hungary / Egypt
83%
Fulham Harry Wilson 7 Wales
83%
Everton James Garner 7 England
83%
Aston Villa Morgan Rogers / Lucas Digne 6 England / France
83%
Chelsea Pedro Neto 6 Portugal
83%
Tottenham Hotspur Xavi Simons / Mohammed Kudus 5 Netherlands / Ghana
83%
Crystal Palace Adam Wharton 5 England
67%
AFC Bournemouth Adrien Truffert / Marcos Senesi 5 France / Argentina
67%
Brentford Mikkel Damsgaard / Vitaly Janelt 4 Denmark / Germany
67%
Brighton & Hove Albion Yankuba Minteh 4 Gambia
67%
Nottingham Forest Omari Hutchinson 5 England
17%
Burnley Quilindschy Hartman 5 Netherlands
17%
No matching quizzes found
Score Distribution
Percent of People with Each Score
Percentile by Number Answered
Your Score History
You have not taken this quiz